[Event "TCh-NED 2005-6"]
[Site "Netherlands NED"]
[Date "2005.11.26"]
[Round "4"]
[White "Van Blitterswijk,S"]
[Black "Bitalzadeh,A"]
[Result "1-0"]
[WhiteElo "2379"]
[BlackElo "2267"]

1.e4 c5 2.Nf3 d6 3.d4 cxd4 4.Nxd4 Nf6 5.Nc3 Nc6 6.Bg5 e6 7.Qd2 Be7 8.Nb3 h6
9.Be3 O-O 10.O-O-O a6 11.f4 b5 12.Bd3 Na5 13.Nxa5 Qxa5 14.Kb1 b4 15.Ne2 Bb7
16.Ng3 Rfd8 17.Qe2 Qc7 18.Bc1 a5 19.Nh5 a4 20.e5 Nxh5 21.Qxh5 Ra5 22.Rhe1 Bf6
23.f5 Rxe5 24.Rxe5 dxe5 25.fxe6 fxe6 26.Qg4 Qb6 27.Rf1 Qd4 28.Qxe6+ Kh8 29.Rxf6 gxf6
30.Qxf6+ Kg8 31.Qg6+ Kf8 32.Bxh6+ Ke7 33.Qg7+ Ke6 34.Qxb7 a3 35.Bc1 Rd6 36.Qc8+ Ke7
37.g4 Rf6 38.Qc7+ Kf8 39.g5 Rf2 40.g6  1-0

[Event "18th Belgrade Trophy"]
[Site "Obrenovac SCG"]
[Date "2005.11.26"]
[Round "5"]
[White "Al Atarji,S"]
[Black "Pavlovic,Drago"]
[Result "1/2-1/2"]
[WhiteElo "2099"]
[BlackElo "2242"]

1.e4 c5 2.Nf3 Nc6 3.d4 cxd4 4.Nxd4 Nf6 5.Nc3 d6 6.Bg5 e6 7.Qd2 a6 8.O-O-O h6
9.Bf4 Bd7 10.Nxc6 Bxc6 11.Bxd6 Bxd6 12.Qxd6 Qxd6 13.Rxd6 Bxe4 14.f3 Bc6 15.Bc4 Ke7
16.Rd2 Rhd8 17.Rhd1  1/2-1/2

[Event "TCh-HUN 2005-6"]
[Site "Hungary HUN"]
[Date "2005.11.27"]
[Round "4"]
[White "Kiss,K"]
[Black "Korpics,Z"]
[Result "0-1"]
[WhiteElo "2033"]
[BlackElo "2336"]

1.e4 c5 2.Nf3 Nc6 3.d4 cxd4 4.Nxd4 Nf6 5.Nc3 d6 6.Bg5 Qb6 7.Nb3 e6 8.Qd2 Be7
9.f3 O-O 10.O-O-O Rd8 11.Nb5 Rd7 12.Bf4 Qd8 13.g4 e5 14.g5 exf4 15.gxf6 Bxf6
16.Bh3 Re7 17.Bxc8 Rxc8 18.Qxf4 Re5 19.h4 Rxb5 20.Rxd6 Qe7 21.Rg1 Be5 22.Qg4 Qxd6
23.Qxc8+ Qd8 24.Qg4 h5 25.Qg2 Nd4 26.Kb1 Nxb3 27.axb3 Qd4 28.c3 Qd3+ 29.Qc2 Qxf3
30.b4 a5 31.Rg5 axb4 32.cxb4 Bf6 33.Rxb5 Qf1+ 34.Ka2 Qxb5  0-1

[Event "18th Belgrade Trophy"]
[Site "Obrenovac SCG"]
[Date "2005.11.29"]
[Round "8"]
[White "Vujacic,Bo"]
[Black "Rusev,K"]
[Result "0-1"]
[WhiteElo "2377"]
[BlackElo "2434"]

1.e4 c5 2.Nf3 d6 3.d4 Nf6 4.Nc3 cxd4 5.Nxd4 Nc6 6.Bg5 e6 7.Qd2 Be7 8.O-O-O Nxd4
9.Qxd4 O-O 10.f3 a6 11.h4 b5 12.Kb1 Bb7 13.Qd2 Rc8 14.Ne2 h6 15.Be3 Nd7 16.Nd4 Re8
17.h5 d5 18.exd5 Bxd5 19.Be2 Ne5 20.b3 Bf6 21.g4 Nc6 22.Rhg1 Nxd4 23.Bxd4 Bxd4
24.Qxd4 Qc7 25.Rd2 Qc3 26.Qxc3 Rxc3 27.Rf1 Rec8 28.Kb2 Re3 29.Rf2 Rcc3 30.f4 Rg3
31.f5 Rc8 32.fxe6 Bxe6 33.Rd4 Kf8 34.a4 bxa4 35.Rxa4 Rxc2+ 36.Kb1 Rd2 37.Kc1 Rc2+
38.Kb1 Rc6 39.Bf3 Rc3 40.Bd1 Bxb3 41.Bxb3 Rxb3+ 42.Ka2 Rb7 43.Rc2 f6 44.Rc6 Re7
45.Kb2 a5 46.Rc2 Rb7+ 47.Ka2 Kf7 48.Rd4 Re3 49.Rc5 Rb4 50.Rxb4 axb4 51.Rc7+ Re7
52.Rc4 Rb7 53.Kb3 Rb5 54.Rc7+ Kg8 55.Rc8+ Kh7 56.Ka4 b3  0-1

[Event "ch-ROM"]
[Site "Baile Tusnad ROM"]
[Date "2005.11.30"]
[Round "5"]
[White "Berescu,A"]
[Black "Murariu,A"]
[Result "1/2-1/2"]
[WhiteElo "2420"]
[BlackElo "2441"]

1.e4 c5 2.Nf3 Nc6 3.d4 cxd4 4.Nxd4 Nf6 5.Nc3 d6 6.Bg5 e6 7.Qd2 Be7 8.O-O-O Nxd4
9.Qxd4 O-O 10.f4 h6 11.Bh4 Qa5 12.Bc4 Qh5 13.Bg3 Rd8 14.Be2 Qa5 15.Be1 Qc7
16.g4 e5 17.Qd2 exf4 18.Qxf4 Be6 19.h4 Rac8 20.g5 Nh7 21.gxh6 Bf6 22.Bd3 Be5
23.Qf2 Nf6 24.Rg1 Ng4 25.Qf3 Nxh6 26.Bd2 Kf8 27.Nd5 Bxd5 28.exd5 Ng8 29.Rg5 Qb6
30.c3 Nf6 31.Rdg1 Qa5 32.Rxg7 Qxd5 33.Qxd5  1/2-1/2

[Event "TCh-HUN 2005-6"]
[Site "Hungary HUN"]
[Date "2005.12.04"]
[Round "5"]
[White "Varga,Zo"]
[Black "Markus,R"]
[Result "1/2-1/2"]
[WhiteElo "2525"]
[BlackElo "2579"]

1.e4 c5 2.Nf3 d6 3.d4 cxd4 4.Nxd4 Nf6 5.Nc3 Nc6 6.Bg5 e6 7.Qd2 a6 8.O-O-O Bd7
9.f3 Be7 10.h4 h6 11.Be3 h5 12.Bg5 Rc8 13.Nxc6 Bxc6 14.Ne2 d5 15.exd5 Qxd5
16.Kb1 Qxd2 17.Rxd2 b5 18.Nf4 Nd5 19.Bxe7  1/2-1/2

[Event "TCh-HUN 2005-6"]
[Site "Hungary HUN"]
[Date "2005.12.04"]
[Round "5"]
[White "Grabics,M"]
[Black "Balogh,V"]
[Result "1-0"]
[WhiteElo "2306"]
[BlackElo "2272"]

1.e4 c5 2.Nf3 d6 3.d4 cxd4 4.Nxd4 Nf6 5.Nc3 Nc6 6.Bg5 a6 7.Bxf6 gxf6 8.Be2 e6
9.O-O Qb6 10.Nb3 Bd7 11.Bh5 Ne5 12.Kh1 O-O-O 13.f4 Ng6 14.Qe2 Be7 15.a4 Kb8
16.a5 Qc7 17.f5 Ne5 18.Nd4 Rhg8 19.Bxf7 Nxf7 20.fxe6 Qc5 21.exf7 Rg5 22.Qd2 d5
23.exd5 Rh5 24.Nf3 Bg4 25.Qf4+  1-0

[Event "ch-ROM"]
[Site "Baile Tusnad ROM"]
[Date "2005.12.05"]
[Round "10"]
[White "Berescu,A"]
[Black "Bucur,O"]
[Result "1-0"]
[WhiteElo "2420"]
[BlackElo "2289"]

1.e4 c5 2.Nf3 Nc6 3.d4 cxd4 4.Nxd4 Nf6 5.Nc3 d6 6.Bg5 e6 7.Qd2 a6 8.O-O-O Bd7
9.f3 Be7 10.Be3 Nxd4 11.Bxd4 b5 12.g4 b4 13.Ne2 e5 14.Be3 Be6 15.Kb1 h6 16.Ng3 d5
17.Nf5 Bxf5 18.gxf5 d4 19.Qg2 Nd7 20.Bd2 Bf6 21.Bxb4 Rb8 22.c3 Qc7 23.Rc1 Qb6
24.Bc4 dxc3 25.Bxc3 O-O 26.Rc2 Nc5 27.f4 Rfe8 28.fxe5 Bxe5 29.Bxe5 Rxe5 30.Rg1 Qf6
31.Bd5 Nd3 32.Qg6 Qxg6 33.fxg6 Kf8 34.gxf7 Nb4 35.Rcg2 g5 36.Bb3 Rxe4 37.Rg4 Re2
38.h4 Nd3 39.hxg5 Rxb2+ 40.Ka1 hxg5 41.Rxg5 R2xb3 42.axb3 Kxf7 43.Ka2 Nb4+
44.Kb2 Ke7 45.Rd1 Rc8 46.Re5+ Kf6 47.Re2 Rc5 48.Rf1+ Rf5 49.Rxf5+ Kxf5 50.Kc3  1-0

[Event "FSGMB December"]
[Site "Budapest HUN"]
[Date "2005.12.06"]
[Round "4"]
[White "Brinck Claussen,B"]
[Black "Kargin,A"]
[Result "1/2-1/2"]
[WhiteElo "2342"]
[BlackElo "2406"]

1.e4 c5 2.Nf3 Nc6 3.d4 cxd4 4.Nxd4 Nf6 5.Nc3 d6 6.Bg5 e6 7.Qd2 Be7 8.O-O-O O-O
9.f4 Nxd4 10.Qxd4 h6 11.Bh4 Qa5 12.Bc4 e5 13.fxe5 dxe5 14.Qd3 Qc5 15.Bxf6 Bxf6
16.Nd5 Bh4 17.Kb1 Be6 18.g3 Bd8 19.h3 Kh8 20.g4 Rc8 21.Bb3 b5 22.c3 a5 23.a3 Bh4
24.Rhf1 Rfd8 25.Qe2 Qa7 26.Rf3 Qb7 27.Rdf1 Rc5 28.Ka1 Ra8 29.Ba2 Qc6 30.Rxf7 Bxf7
31.Rxf7 b4 32.axb4 axb4 33.Nxb4 Qa4 34.Qf3 Rcc8 35.Kb1 Bg5 36.Bd5 Qa1+ 37.Kc2 Qc1+
38.Kb3 Rab8 39.Bb7 Rg8 40.Na6 Rbd8 41.Bd5 Bf4 42.Nb4 Qd2 43.Qd3 Qf2 44.Qa6 Rb8
45.Rc7 Rb6 46.Qa4 Rgb8 47.Ka2 Bc1 48.Qa3 Ra6 49.Rc8+ Rxc8 50.Nxa6 Bd2  1/2-1/2

[Event "12th Open"]
[Site "Zadar CRO"]
[Date "2005.12.13"]
[Round "2"]
[White "Zelcic,R"]
[Black "Rusev,K"]
[Result "1/2-1/2"]
[WhiteElo "2533"]
[BlackElo "2434"]

1.e4 c5 2.Nf3 d6 3.d4 Nf6 4.Nc3 cxd4 5.Nxd4 Nc6 6.Bg5 e6 7.Qd3 Be7 8.O-O-O Nxd4
9.Qxd4 O-O 10.f4 Qa5 11.Kb1 h6 12.h4 Rd8 13.Bd3 e5 14.Qe3 exf4 15.Bxf4 Be6
16.Qe1 Kf8 17.Bd2 Qe5 18.Rf1 Rac8 19.Nb5 Rc4 20.Nc3 Rcc8 21.Nb5 Rc4 22.Bxc4 Bxc4
23.Rf5 Qxe4 24.Qxe4 Nxe4 25.Be1 Bf6 26.Rf4 Be2 27.Rd5 Bc4 28.Rdf5 Be6 29.Rxf6 Nxf6
30.Nxa7 Ke7 31.Nb5 g5 32.Rd4 Bd5 33.Rd2 Bc6 34.Nd4 Be4 35.Re2 Kd7 36.Rf2 Ke7
37.b3 Rg8 38.Re2 Kd7 39.Kb2 d5 40.Rf2 Kd6 41.Bb4+ Ke5 42.Bc3 Ng4 43.Rxf7 gxh4
44.Rxb7 Kf4 45.Rf7+ Ke3 46.Nf3 Bxf3 47.Rxf3+ Ke2 48.Bd4 Nh2 49.Rf2+ Ke1 50.Rf4 Rxg2
51.Rxh4 Kd1 52.a4 Rxc2+ 53.Ka3 Nf3 54.Rf4 Ke2 55.a5 h5 56.Bb6 Rc1 57.Kb2 Rc8
58.Rf7 d4 59.Re7+ Kf1 60.a6 d3 61.Rf7 Ke2 62.Re7+ Kf1 63.Re3 d2 64.Rxf3+ Ke2
65.Re3+ Kf1 66.Rd3 Ke2  1/2-1/2

[Event "TCh-NED 2005-6"]
[Site "Netherlands NED"]
[Date "2005.12.17"]
[Round "5"]
[White "Pruijssers,R"]
[Black "Cardon,H"]
[Result "1/2-1/2"]
[WhiteElo "2310"]
[BlackElo "2397"]

1.e4 c5 2.Nf3 Nc6 3.d4 cxd4 4.Nxd4 Nf6 5.Nc3 d6 6.Bg5 e6 7.Qd2 a6 8.O-O-O h6
9.Nxc6 bxc6 10.Bf4 d5 11.Qe3 Be7 12.Be2 O-O 13.Qg3 Kh8 14.h4 Ra7 15.e5 Ng8
16.Na4 c5 17.c4 Qa5 18.b3 Bd7 19.Qc3 Qxc3+ 20.Nxc3 d4 21.Ne4 f5 22.Ng5 g6
23.Nf3 Kg7 24.Rh3 Bc6 25.Bd2 a5 26.Bd3 a4 27.Bc2 axb3 28.Bxb3 Rb8 29.Kb2 Ba4
30.Ne1 Bxb3 31.axb3 Rba8 32.Rb1 Ra2+ 33.Kc1 Bd8 34.Nd3 Ba5 35.Bxa5 R8xa5
36.Kd1 Ne7 37.Rh1 Nc6 38.Re1 g5 39.g3 Kg6 40.Re2 Rxe2 41.Kxe2 Ra2+ 42.Kf1 gxh4
43.gxh4 f4 44.Nxc5 Kf5 45.b4 Nxe5 46.Nb3 Nxc4 47.Nxd4+ Ke4 48.Nb3 e5 49.Rc1 Nd6
50.Rd1 Nb5 51.Kg2 Rb2 52.Nc5+ Kf5 53.Rd5 Nc3 54.Rxe5+ Kg4 55.Nd3 Rd2 56.Nc5 f3+
57.Kf1 Kxh4 58.Nb3 Rb2 59.Nd4 Rb1+ 60.Re1 Rxe1+ 61.Kxe1 Kg4 62.b5 Nd5 63.Nc2 h5
64.Kf1 h4  1/2-1/2

[Event "TCh-NED 2005-6"]
[Site "Netherlands NED"]
[Date "2005.12.17"]
[Round "5"]
[White "De Vreugt,D"]
[Black "Brandenburg,D"]
[Result "1-0"]
[WhiteElo "2448"]
[BlackElo "2395"]

1.e4 c5 2.Nf3 d6 3.d4 cxd4 4.Nxd4 Nf6 5.Nc3 Nc6 6.Bg5 e6 7.Qd2 a6 8.O-O-O Bd7
9.f3 Be7 10.h4 h6 11.Be3 b5 12.Nxc6 Bxc6 13.Ne2 d5 14.Nd4 Bb7 15.e5 Nd7 16.f4 Qc7
17.Rh3 Nc5 18.Bd3 h5 19.f5 O-O-O 20.Qf2 g6 21.f6 Bf8 22.Nf3 Na4 23.Bd4 Bc5
24.Ng5 Bxd4 25.Qxd4 Rd7 26.Bxg6 fxg6 27.b3 Kb8 28.bxa4 Rc8 29.Rd2 Qa5 30.axb5 axb5
31.f7 Rdc7 32.Rf3 Rc4 33.Qb2 Rxc2+ 34.Qxc2 Rxc2+ 35.Kxc2 Qxa2+ 36.Kd1 Qa1+
37.Ke2 Qxe5+ 38.Kf2 d4 39.f8=Q+ Ka7 40.Ra3+  1-0

[Event "5th Amplico AIG Life"]
[Site "Warsaw POL"]
[Date "2005.12.17"]
[Round "2"]
[White "Szwed,J"]
[Black "Deviatkin,A"]
[Result "1-0"]
[WhiteElo "2215"]
[BlackElo "2528"]

1.e4 c5 2.Nf3 d6 3.d4 cxd4 4.Nxd4 Nf6 5.Nc3 Nc6 6.Bg5 e6 7.Qd2 a6 8.O-O-O Bd7
9.f4 b5 10.Qe1 Nxd4 11.Rxd4 Qb6 12.Rd2 b4 13.Nd1 Be7 14.Bd3 a5 15.Ne3 Bb5
16.e5 b3 17.a3 h6 18.exf6 hxg5 19.Nd5 Bxd3 20.Nxb6 Bxc2 21.Nxa8 Bxf6 22.Nc7+ Kd7
23.Nb5 Rc8 24.Nxd6 Rc6 25.Nc4+ Ke7 26.Qe2 gxf4 27.Rxc2 bxc2 28.Kxc2 g5 29.Kb1 a4
30.Qe4 Rc5 31.Nb6 Be5 32.Nxa4 Rb5 33.Qc4 f5 34.Rd1 Rb8 35.Rh1 Ke8  1-0

[Event "5th Amplico AIG Life"]
[Site "Warsaw POL"]
[Date "2005.12.17"]
[Round "7"]
[White "Balogh,C"]
[Black "Czarnota,P"]
[Result "1/2-1/2"]
[WhiteElo "2567"]
[BlackElo "2479"]

1.e4 c5 2.Nf3 d6 3.Nc3 Nc6 4.d4 cxd4 5.Nxd4 Nf6 6.Bg5 e6 7.Qd2 a6 8.O-O-O Bd7
9.f3 Be7 10.Kb1 b5 11.Be3 Ne5 12.Qe1 Qc7 13.g4 h6 14.h4 b4 15.Nce2 Nc4 16.Bc1 Rc8
17.Ng3 d5 18.Bxc4 dxc4 19.g5 hxg5 20.hxg5 Rxh1 21.Nxh1 Nh5 22.g6 fxg6 23.e5 Kf7
24.Qe4 Bc6 25.Qg4 Qxe5 26.Rg1  1/2-1/2

[Event "5th Amplico AIG Life"]
[Site "Warsaw POL"]
[Date "2005.12.17"]
[Round "8"]
[White "Grabarczyk,B"]
[Black "Balogh,C"]
[Result "0-1"]
[WhiteElo "2472"]
[BlackElo "2567"]

1.e4 c5 2.Nf3 d6 3.d4 cxd4 4.Nxd4 Nf6 5.Nc3 Nc6 6.Bg5 e6 7.Qd2 Be7 8.O-O-O Qb6
9.Nb3 O-O 10.f3 a6 11.g4 Qc7 12.Be3 b5 13.g5 Nd7 14.h4 Nb6 15.Nd4 Ne5 16.b3 d5
17.exd5 Bb4 18.d6 Qxc3 19.Qxc3 Bxc3 20.Ne2 Ba5 21.b4 Nbc4 22.Bc5 Bb6 23.d7 Bxd7
24.Bxf8 Be3+ 25.Kb1 Kxf8 26.f4 Bc6 27.Rh3 Na3+ 28.Kb2 Nec4+ 29.Kb3 Be4 30.Nd4 Rc8
31.Bxc4 Nxc4 32.c3 Bxf4 33.a4 bxa4+ 34.Ka2 Bd5 35.Ka1 a3 36.Rf1 Be5 37.h5 Nd2
38.Rf2 Bxd4  0-1

[Event "12th Open"]
[Site "Zadar CRO"]
[Date "2005.12.17"]
[Round "8"]
[White "Kutuzovic,B"]
[Black "Rusev,K"]
[Result "1/2-1/2"]
[WhiteElo "2327"]
[BlackElo "2434"]

1.e4 c5 2.Nf3 d6 3.d4 Nf6 4.Nc3 cxd4 5.Nxd4 Nc6 6.Bg5 e6 7.Qd2 Be7 8.O-O-O Nxd4
9.Qxd4 O-O 10.f3 a6 11.h4 b5 12.g4 Bb7 13.Qd2 Rc8 14.Bd3 Nd7 15.Bxe7 Qxe7
16.Ne2 d5 17.Qe3 Qc5 18.Nd4 Ne5 19.exd5 Nxd3+ 20.Rxd3 Bxd5 21.Kb1 Rfd8 22.c3 Qc4
23.b3 Qc5 24.Rhd1 Re8 25.Nc2 Qxe3 26.Rxe3 Kf8 27.Kb2 Rc7 28.f4 f6 29.Nb4 Bb7
30.Rde1 Kf7 31.Nc2 Rce7 32.Nd4 g6 33.g5 e5 34.gxf6 Kxf6 35.fxe5+ Rxe5 36.Rf1+ Kg7
37.Rg3 Kh6 38.Rf4 Kh5 39.c4 h6 40.cxb5 axb5 41.Rf6 Be4 42.Ne2 Bf5 43.Nf4+ Kxh4
44.Rg2 h5 45.Rfxg6 Re2+ 46.Rxe2 Rxe2+ 47.Nxe2 Bxg6 48.Nf4  1/2-1/2

[Event "12th Open"]
[Site "Zadar CRO"]
[Date "2005.12.17"]
[Round "8"]
[White "Brkic,A"]
[Black "Nevednichy,V"]
[Result "0-1"]
[WhiteElo "2500"]
[BlackElo "2594"]

1.e4 c5 2.Nf3 d6 3.d4 cxd4 4.Nxd4 Nf6 5.Nc3 Nc6 6.Bg5 e6 7.Qd2 a6 8.O-O-O Bd7
9.f4 b5 10.Bxf6 gxf6 11.Kb1 Qb6 12.Nxc6 Bxc6 13.f5 b4 14.Ne2 e5 15.Ng3 Qc5
16.Nh5 Ke7 17.Bd3 Rg8 18.Rhg1 Rg5 19.Qe2 Bh6 20.h4 Rgg8 21.g4 Be3 22.Rg3 Bf4
23.Nxf4 exf4 24.Rg2 a5 25.Rf1 a4 26.Qf2 a3 27.Qxc5 dxc5 28.Rxf4 Rgd8 29.b3 Rd4
30.g5 Rad8 31.Kc1 fxg5 32.f6+ Ke6 33.Rxg5 Bb5 34.Rxc5 Bxd3 35.cxd3 Rxd3 36.Rf1 Rd2
37.Rc2 Rxc2+ 38.Kxc2 Rd4 39.Rf4 Ke5 40.Rf5+ Kxe4 41.Rb5 Ke3 42.Re5+ Kf4 43.Rc5 Ke3
44.Re5+ Kf4 45.Re7 Kf5 46.Rxf7 Rxh4 47.Kd3 h5 48.Rf8 Kg6 49.Ke3 Rh2 50.f7 Rxa2
51.Rb8 Kxf7 52.Rxb4 Rh2 53.Kf3 Ke6 54.Kg3 Rb2 55.Kh4 Kf5 56.Rb5+ Ke4 57.Kxh5 Kd3
58.Kg4 Kc3 59.Kf4 Rxb3  0-1

[Event "5th Amplico AIG Life Gp1"]
[Site "Warsaw POL"]
[Date "2005.12.18"]
[Round "1"]
[White "Socko,B"]
[Black "Manik,M"]
[Result "1/2-1/2"]
[WhiteElo "2610"]
[BlackElo "2474"]

1.e4 c5 2.Nf3 Nc6 3.d4 cxd4 4.Nxd4 Nf6 5.Nc3 d6 6.Bg5 e6 7.Qd2 a6 8.O-O-O Bd7
9.f3 Be7 10.h4 h6 11.Be3 h5 12.Kb1 Ne5 13.Bg5 b5 14.Bd3 b4 15.Nce2 Qb6 16.Rhe1 a5
17.g3 Rc8 18.Be3 Qb7 19.Nc1 d5 20.Bg5 Nxd3 21.Nxd3 dxe4 22.Ne5 exf3 23.Nf5 Ba4
24.Nxg7+ Kf8 25.Bh6 Bxc2+ 26.Ka1 Kg8 27.Nxe6 Ne4 28.Qf4 Bf6 29.Rxe4 Bxe4
30.Qxf6 fxe6 31.Rd7 Qxd7 32.Nxd7 Rxh6 33.Qxh6 f2 34.Qg5+ Kh8 35.Qe5+ Kg8
36.Qxe6+ Kh8 37.Qe5+ Kg8 38.Qg5+ Kh8 39.Qxh5+ Bh7 40.Qe5+ Kg8 41.Qd5+ Kh8
42.Qd4+ Kg8 43.Qd5+ Kh8 44.Qe5+ Kg8 45.Qe6+ Kh8 46.Qf6+ Kg8 47.Qg5+ Kh8 48.Qe5+ Kg8  1/2-1/2

[Event "5th Amplico AIG Life"]
[Site "Warsaw POL"]
[Date "2005.12.18"]
[Round "9"]
[White "Mista,A"]
[Black "Mickiewicz,P"]
[Result "1-0"]
[WhiteElo "2479"]
[BlackElo "2326"]

1.e4 c5 2.Nf3 d6 3.d4 cxd4 4.Nxd4 Nf6 5.Nc3 Nc6 6.Bg5 e6 7.Qd2 a6 8.O-O-O Bd7
9.f3 Be7 10.h4 h6 11.Be3 h5 12.Kb1 Ne5 13.Bd3 b5 14.Nce2 Rb8 15.Rhf1 b4 16.Bxa6 Qa5
17.Bd3 Ra8 18.Nc1 d5 19.Ndb3 Qc7 20.Bf4 O-O 21.Rfe1 Bd6 22.Bg5 dxe4 23.Bxe4 Nc4
24.Qd4 Nxe4 25.Rxe4 Rfc8 26.Qxc4 Qxc4 27.Rxc4 Rxc4 28.Rxd6 Be8 29.Nd2 Rc6
30.Rxc6 Bxc6 31.Be7 f6 32.Bxb4 Rd8 33.Bc3 Kf7 34.b3 e5 35.a4 Ke6 36.Nd3 Rg8
37.b4 g5 38.hxg5 Rxg5 39.b5 Be8 40.Ne1 Kd5 41.Ne4 Rg6 42.Kb2 f5 43.Nf2 e4
44.fxe4+ fxe4 45.Kb3 Bd7 46.Kb4 Rg3 47.Bb2 Re3 48.c4+ Kd6 49.Bc3 Re2 50.Nd1 h4
51.a5 Bf5 52.a6 e3 53.c5+ Kc7 54.b6+  1-0

[Event "5th Amplico AIG Life"]
[Site "Warsaw POL"]
[Date "2005.12.18"]
[Round "10"]
[White "Czarnota,P"]
[Black "Miton,K"]
[Result "1/2-1/2"]
[WhiteElo "2479"]
[BlackElo "2636"]

1.e4 c5 2.Nf3 d6 3.d4 cxd4 4.Nxd4 Nf6 5.Nc3 Nc6 6.Bg5 e6 7.Qd2 a6 8.O-O-O Bd7
9.f4 b5 10.Bxf6 gxf6 11.Kb1 b4 12.Nce2 Qb6 13.Nxc6 Bxc6 14.f5 e5 15.Ng3 Qc5
16.Nh5 Ke7 17.Bd3 Rg8 18.Rhg1 a5 19.g4 a4 20.g5 fxg5 21.f6+ Kd7 22.Qe2 Rc8
23.Rg3 a3 24.Ba6 Rc7 25.b3 Rg6 26.Bc4 Kc8 27.Rgd3  1/2-1/2

[Event "5th Amplico AIG Life"]
[Site "Warsaw POL"]
[Date "2005.12.18"]
[Round "12"]
[White "Szelag,M"]
[Black "Miton,K"]
[Result "0-1"]
[WhiteElo "2477"]
[BlackElo "2636"]

1.e4 c5 2.Nf3 d6 3.d4 cxd4 4.Nxd4 Nf6 5.Nc3 Nc6 6.Bg5 e6 7.Qd2 a6 8.O-O-O Bd7
9.f4 b5 10.Bxf6 gxf6 11.Nxc6 Bxc6 12.Qe1 Ra7 13.Bd3 h5 14.Qf2 Rb7 15.Rhe1 Be7
16.f5 b4 17.Ne2 e5 18.Kb1 Qb6 19.Qf3 Qc5 20.Nc1 a5 21.Nb3 Qb6 22.Bc4 a4 23.Nc1 Rc7
24.Bd5 Bb5 25.Nd3 Ba6 26.Qe3 Qa5 27.Qd2 Bxd3 28.Qxd3 Qc5 29.Re2 h4 30.Qh3 Bf8
31.Qd3 Ke7 32.b3 a3 33.Bc4 Bh6 34.Qd5 Qxd5 35.Rxd5 Rb8 36.Ra5 Bf4 37.c3 bxc3
38.Ra4 Bxh2 39.Kc2 Bg1 40.Rxa3 Bd4 41.Bd5 Rg8 42.Ra6 Rb8 43.a4 Kf8 44.Rxd6 Ke7
45.Ra6 Bb6 46.Ra8 Rxa8 47.Bxa8 Ba5 48.Bd5 Bb4 49.Re3 Rc8 50.Bc4 Rg8 51.Bf1 Rd8
52.Bd3 Rg8 53.Bf1 Rg4 54.Kd3 Rf4 55.Be2 Rf2 56.Kc2 Rxg2 57.Kd3 c2 58.Kxc2 Bc5
59.Rh3 Rxe2+ 60.Kd3 Rb2 61.Rxh4 Rxb3+ 62.Kc4 Bf2 63.Rh2 Rf3 64.a5 Bd4 65.a6 Ra3
66.Kb5 Kd6 67.Rh7 Ke7 68.Rh8 Rb3+ 69.Kc4 Rc3+ 70.Kb4 Re3 71.Rh4 Re1 72.Kb5 Rb1+
73.Ka4 Bc3 74.Rh3 Bd4 75.Rh8 Re1 76.Rh4 Kd6 77.Rh7 Kc5 78.Rxf7 Ra1+ 79.Kb3 Rxa6
80.Rc7+ Rc6 81.Rf7 Rb6+ 82.Kc2 Kc4 83.Rc7+ Bc5 84.Rd7 Rd6 85.Rc7 Kd4 86.Kb3 Bb6
87.Rc4+ Kd3 88.Rb4 Bd4  0-1

[Event "5th Amplico AIG Life"]
[Site "Warsaw POL"]
[Date "2005.12.18"]
[Round "13"]
[White "Mista,A"]
[Black "Zawadzka,J"]
[Result "0-1"]
[WhiteElo "2479"]
[BlackElo "2381"]

1.e4 c5 2.Nf3 d6 3.d4 cxd4 4.Nxd4 Nf6 5.Nc3 Nc6 6.Bg5 e6 7.Qd2 a6 8.O-O-O Bd7
9.f3 h6 10.Be3 b5 11.Nxc6 Bxc6 12.Ne2 Qc7 13.Kb1 Bb7 14.Nd4 e5 15.Nf5 d5
16.exd5 Nxd5 17.Bf2 O-O-O 18.Bd3 g6 19.Ne3 Nf4 20.Ng4 Bg7 21.Bg3 f5 22.Ne3 Kb8
23.Bxf4 exf4 24.Nf1 Rhe8 25.Qc1 Bd4 26.c3 Bb6 27.Qc2 Qf7 28.Nd2 Bd5 29.Nb3 Re3
30.Nc1 Qe6 31.a4 Bc6 32.axb5 axb5 33.c4 Rc8 34.Qb3 Be8 35.cxb5 Rxc1+  0-1

[Event "14th Bieze"]
[Site "Arnhem NED"]
[Date "2006.01.07"]
[Round "6"]
[White "Pruijssers,R"]
[Black "Mchedlishvili,M"]
[Result "0-1"]
[WhiteElo "2310"]
[BlackElo "2564"]

1.e4 c5 2.Nf3 d6 3.d4 cxd4 4.Nxd4 Nf6 5.Nc3 Nc6 6.Bg5 e6 7.Qd2 Qb6 8.Bxf6 gxf6
9.Nb3 a6 10.O-O-O Bd7 11.Kb1 O-O-O 12.f4 Kb8 13.Na4 Qa7 14.Nc3 Bc8 15.Be2 h5
16.Bf3 h4 17.Bg4 Bh6 18.Rhf1 Ne5 19.Be2 Ng6 20.g3 Ne7 21.Qe1 f5 22.exf5 Nxf5
23.Rf3 hxg3 24.hxg3 Bg7 25.Bd3 Nd4 26.Nxd4 Bxd4 27.Ne4 Rhe8 28.c3 Bg7 29.Bc2 Qb6
30.Rfd3 d5 31.Ng5 Qc7 32.Bb3 Bf6 33.Nf3 Rg8 34.Ka1 Rg7 35.Ne5 Rdg8 36.Re3 Be7
37.Nd3 Rh8  0-1

[Event "10th Open"]
[Site "Bad Zwesten GER"]
[Date "2006.01.07"]
[Round "8"]
[White "Koscielski,J"]
[Black "Donchenko,A"]
[Result "1/2-1/2"]
[WhiteElo "2339"]
[BlackElo "2460"]

1.e4 c5 2.Nf3 d6 3.d4 cxd4 4.Nxd4 Nf6 5.Nc3 Nc6 6.Bg5 e6 7.Qd2 Be7 8.O-O-O Qb6
9.Nb3 a6 10.f3 Qc7 11.Kb1 Bd7 12.h4 Rb8 13.h5 h6 14.Bxf6 Bxf6 15.Qxd6 Qxd6
16.Rxd6 Bxc3 17.bxc3 Ke7 18.Rd2 Rhc8 19.f4 Na7 20.Kb2 Bb5  1/2-1/2

[Event "10th Open"]
[Site "Bad Zwesten GER"]
[Date "2006.01.07"]
[Round "8"]
[White "Sobolevsky,L"]
[Black "Armbrust,F"]
[Result "1-0"]
[WhiteElo "2360"]
[BlackElo "2280"]

1.e4 c5 2.Nf3 d6 3.d4 cxd4 4.Nxd4 Nf6 5.Nc3 Nc6 6.Bg5 e6 7.Nxc6 bxc6 8.Bd3 Be7
9.Qe2 e5 10.h3 O-O 11.O-O Be6 12.Rad1 Nd7 13.Bxe7 Qxe7 14.Bc4 Nb6 15.Bb3 a5
16.Rd2 a4 17.Bxe6 Qxe6 18.b3 axb3 19.cxb3 d5 20.exd5 cxd5 21.Re1 d4 22.Nb5 Ra5
23.Qd3 Qd5 24.a4 f6 25.f4 Rc8 26.fxe5 fxe5 27.Rc2 Rxc2 28.Qxc2 Ra8 29.Nc7 Qa5
30.Rf1 Rc8 31.Qf5 h6 32.Qf7+ Kh8 33.Ne8 Rxe8 34.Qxe8+ Kh7 35.Rf8  1-0

[Event "12th Open A"]
[Site "Bosnjaci CRO"]
[Date "2006.01.07"]
[Round "8"]
[White "Saric,Iv"]
[Black "Doric,D"]
[Result "1/2-1/2"]
[WhiteElo "2339"]
[BlackElo "2402"]

1.e4 c5 2.Nf3 d6 3.d4 cxd4 4.Nxd4 Nf6 5.Nc3 Nc6 6.Bg5 e6 7.Qd2 Be7 8.O-O-O O-O
9.f4 Nxd4 10.Qxd4 Qa5 11.Bc4 Bd7 12.e5 dxe5 13.fxe5 Bc6 14.Bd2 Bc5 15.Qh4 Nd7
16.Rhe1 Qc7 17.Bd3 g6 18.Be4 Rfc8 19.Bxc6 Qxc6 20.Bg5 Bf8 21.Rd3 Bg7 22.Bh6 Bh8
23.Red1 Nf8 24.Bxf8 Rxf8 25.Rh3 h5 26.g4 Qc4 27.gxh5 Qxh4 28.Rxh4 Bxe5 29.Rg1 Kg7
30.hxg6 fxg6 31.Rhg4 Rh8 32.Rxg6+ Kf7 33.R6g4 Rxh2 34.Ne4 Rah8 35.Ng5+ Kf6
36.Nf3 Rh1 37.Rg6+ Kf5 38.Rg5+ Kf4 39.Nxe5 Rxg1+ 40.Rxg1 Kxe5 41.Rg7 Rb8
42.Kd2 Kd6 43.Kd3  1/2-1/2

[Event "Winter Invitational"]
[Site "Chicago USA"]
[Date "2006.01.09"]
[Round "1"]
[White "Perelshteyn,E"]
[Black "Blehm,P"]
[Result "1-0"]
[WhiteElo "2522"]
[BlackElo "2520"]

1.e4 c5 2.Nf3 d6 3.d4 cxd4 4.Nxd4 Nf6 5.Nc3 Nc6 6.Bg5 e6 7.Qd2 a6 8.O-O-O Bd7
9.f3 Be7 10.Be3 h5 11.Kb1 Rc8 12.Nxc6 Bxc6 13.Ne2 b5 14.Nd4 Bb7 15.Nb3 Qc7
16.Na5 Ba8 17.c4 Bd8 18.Nb3 bxc4 19.Bxc4 Nxe4 20.fxe4 Qxc4 21.Qxd6 Qxe4+
22.Ka1 Qc6 23.Qg3 O-O 24.Bd4 f6 25.Qh3 Rb8 26.Rhe1 e5 27.Bc5 Rf7 28.Qxh5 Qxg2
29.Rd3 Qg5 30.Qh3 e4 31.Rg3 Qd5 32.Reg1 Bc7 33.Rg6 Rxb3 34.Qh6 Rg3 35.hxg3 Qxc5
36.Rh1  1-0

[Event "4th I.Platonov Mem"]
[Site "Kyiv UKR"]
[Date "2006.01.13"]
[Round "6"]
[White "Vedmediuc,S"]
[Black "Lutsko,I"]
[Result "1/2-1/2"]
[WhiteElo "2348"]
[BlackElo "2487"]

1.e4 c5 2.Nf3 d6 3.d4 cxd4 4.Nxd4 Nf6 5.Nc3 Nc6 6.Bg5 e6 7.Qd2 a6 8.O-O-O Bd7
9.f4 h6 10.Bh4 g5 11.fxg5 Ng4 12.Nf3 hxg5 13.Bg3 Be7 14.Kb1 Nge5 15.Be2 b5
16.Nxe5 Nxe5 17.Qd4 Qc7 18.Rhf1 f6 19.Rd2 Qa7 20.Qxa7 Rxa7 21.Rd4 O-O 22.h4 gxh4
23.Bxh4 Bc6 24.a3 Kg7 25.Bg3 Be8 26.Rh1 Bg6 27.Bf4 Rh8 28.Rxh8 Kxh8 29.Rd1 Kg7
30.Rh1 Rc7 31.Rh3 Rc8 32.Bh6+ Kf7 33.Bf4 Rg8 34.Kc1 Bd8 35.Bf3 Bb6 36.Rh1 Bc5
37.Nd1 Rc8 38.Be3 a5 39.Bxc5 Rxc5 40.Nf2 b4 41.axb4 axb4 42.Rd1 d5 43.Rd4 b3
44.c3 Nc6 45.Ra4 Ne5 46.exd5 exd5 47.Bd1 Rc4 48.Bxb3 Rc5 49.Rd4 Ke6 50.Bc2 Bxc2
51.Kxc2 Nc4 52.Nd1 Rc8 53.b3 Nd6 54.Kd3 f5 55.g4 Rb8 56.gxf5+ Nxf5 57.Rb4 Rg8
58.Rf4 Rg3+ 59.Kd2 Ke5 60.Rf2 d4 61.Re2+ Kd6 62.Rf2 Ke5 63.Re2+ Kd6 64.Rf2 Ne3
65.cxd4 Nxd1  1/2-1/2

[Event "Winter Cup"]
[Site "Bucharest ROM"]
[Date "2006.01.14"]
[Round "1"]
[White "Peptan,C"]
[Black "Lupulescu,C"]
[Result "0-1"]
[WhiteElo "2404"]
[BlackElo "2528"]

1.e4 c5 2.Nf3 d6 3.Nc3 Nc6 4.d4 cxd4 5.Nxd4 Nf6 6.Bg5 e6 7.Qd2 a6 8.O-O-O Bd7
9.f4 b5 10.Bxf6 gxf6 11.Nxc6 Bxc6 12.Bd3 b4 13.Ne2 Qb6 14.Kb1 h5 15.Qe1 h4
16.f5 e5 17.Ng1 Ke7 18.Nf3 h3 19.gxh3 Rxh3 20.Qf1 Rh8 21.Nd2 Bh6 22.Nc4 Qc5
23.Qg1 Qxg1 24.Rhxg1 Rad8 25.Rge1 d5 26.Na5 Ba8 27.Bxa6 dxe4 28.Bb7 Bxb7
29.Nxb7 Rxd1+ 30.Rxd1 e3 31.Re1 Bf4 32.Re2 Rh3 33.c4 bxc3 34.bxc3 Bxh2 35.Kc2 Rf3
36.a4 Rxf5 37.a5 Rf2 38.Kd3 Bf4 39.Rxf2 exf2 40.Ke2 Be3 41.c4 Kd7 42.c5 Kc7
43.a6 Bd4 44.Kf1 Kb8 45.c6 Kc7 46.Na5 f5 47.Nc4 f6 48.Na5 f4 49.Nb3 Kxc6
50.Ke2 f5 51.Nd2 e4 52.Kf1 Kb6 53.Nc4+ Kxa6 54.Nd6 Kb6 55.Nxf5 Kc5 56.Nh4 Kc4
57.Ng2 Be3 58.Nh4 Kd3 59.Ng6 Kd2 60.Ne5 Ba7 61.Nc4+ Kd1 62.Nb2+ Kc2 63.Nc4 e3
64.Ne5 Kd1  0-1